000
00295nam a22001337a 4500
008
181009b xxu||||| |||| 00| 0 eng d
020
_a
9780387944760
041
_a
eng
080
_2
2nd
_a
610.73
100
_a
2
101
_a
INF
245
_a
Nursing Informatics
_c
Ball,M.J
942
_2
udc
_c
BK
999
_c
49155
_d
49155